PRACTICE OF HOMOEOPATHIC MEDICINE (Record no. 24146)

MARC details
000 -LEADER
fixed length control field 00357nam a22001457a 4500
003 - CONTROL NUMBER IDENTIFIER
control field SGT
082 ## - DEWEY DECIMAL CLASSIFICATION NUMBER
Classification number 615
Item number P62A
100 ## - MAIN ENTRY--PERSONAL NAME
Personal name ALEXANDER, MO
245 ## - TITLE STATEMENT
Title PRACTICE OF HOMOEOPATHIC MEDICINE
260 ## - PUBLICATION, DISTRIBUTION, ETC. (IMPRINT)
Place of publication, distribution, etc KERALA
Name of publisher, distributor, etc HAHNEMANN RESEARCH INSTITUTE
Year of Publication 1962
300 ## - PAGE DESCRIPTION
No. of Pages 414
650 ## - SUBJECT ADDED ENTRY--TOPICAL TERM
Topical term or geographic name as entry element MEDICINE
653 ## - KEYWORDS--INDEX TERM
Keyword term PRACTICE , HOMOEOPATHIC, MEDICINE
942 ## - ADDED ENTRY ELEMENTS (KOHA)
Source of classification or shelving scheme Dewey Decimal Classification
Koha item type Rare Books
Holdings
Withdrawn status Lost status Source of classification or shelving scheme Damaged status Use restrictions Not for loan Collection code Home library Current library Shelving location Date acquired Vendor Name SGTU Full call number Accession No. (Barcode) Date last seen Bill Date Koha item type
    Dewey Decimal Classification   Restricted Access   AYURVEDA SGT FA-FP Library SGT FA-FP Library On Display 11/07/2023 GIFTED SGTU 615 P62A FA12864 11/07/2023 11/07/2023 Rare Books